| Tag |
First Indicator |
Second Indicator |
Subfields |
| LEADER |
00000cam a2200000 a 4500 |
| 001 |
in00000761925 |
| 005 |
20151017051431.0 |
| 008 |
840327s1984 enka 00100 eng d |
| 020 |
|
|
|a 0709905181 :
|c 17.95
|
| 035 |
|
|
|a (OCoLC)10565553
|
| 035 |
|
|
|9 ADK6249AM
|
| 040 |
|
|
|a GZM
|c GZM
|d TXA
|d UtOrBLW
|
| 049 |
|
|
|a TXAM
|c [1277135]
|
| 090 |
|
|
|a LB1038
|b .T55 1984b
|
| 092 |
|
|
|a 370.15/23 2 19
|
| 245 |
0 |
0 |
|a Time and school learning :
|b theory, research, and practice /
|c edited by Lorin W. Anderson.
|
| 264 |
|
1 |
|a London :
|b Croom Helm,
|c [1984]
|
| 264 |
|
4 |
|c ©1984
|
| 300 |
|
|
|a 260 pages :
|b illustrations ;
|c 23 cm.
|
| 336 |
|
|
|a text
|b txt
|2 rdacontent
|
| 337 |
|
|
|a unmediated
|b n
|2 rdamedia
|
| 338 |
|
|
|a volume
|b nc
|2 rdacarrier
|
| 490 |
1 |
|
|a Croom Helm curriculum policy and research series
|
| 504 |
|
|
|a Includes bibliographies and index.
|
| 650 |
|
0 |
|a Schedules, School.
|
| 650 |
|
0 |
|a Students
|x Time management.
|
| 650 |
|
0 |
|a Learning.
|
| 700 |
1 |
|
|a Anderson, Lorin W.
|
| 830 |
|
0 |
|a Croom Helm curriculum policy and research series.
|
| 999 |
|
|
|a MARS
|
| 999 |
f |
f |
|s e9693730-d0a5-31aa-8065-55ff3e40c58d
|i 0901a412-f359-34c4-bd7e-72be6ebaf468
|t 0
|
| 952 |
f |
f |
|p normal
|a Texas A&M University
|b College Station
|c Sterling C. Evans Library
|d Evans: Library Stacks
|t 0
|e LB1038 .T55 1984b
|h Library of Congress classification
|i unmediated -- volume
|m A14807420868
|
| 998 |
f |
f |
|a LB1038 .T55 1984b
|t 0
|l Evans: Library Stacks
|